Click the Capitals: N-O Quiz Stats

Quiz Updated Dec 17, 2017

Challenge
Share
Tweet
Score 0/13 Timer 02:00
1 Play Today
% Correct
Ottawa
96.4%
Oslo
96.2%
New Delhi
96%
Nairobi
86.3%
Nassau
85.9%
Nicosia
85.3%
N'Djamena
68.6%
Naypyidaw
65.8%
Nuku Ľalofa
63.3%
Niamey
57.2%
Ngerulmud
55.1%
Ouagadougou
54.1%
Nouakchott
53.1%

You're not logged in!

Compare scores with friends on all Sporcle quizzes.
Sign Up with Email
OR
Log In

You Might Also Like...

Show Comments

Extras

Top Quizzes Today


Score Distribution

Your Account Isn't Verified!

In order to create a playlist on Sporcle, you need to verify the email address you used during registration. Go to your Sporcle Settings to finish the process.